Fundamental physics

Guardado en:
Detalles Bibliográficos
Autor principal: Orear, Jay (Autor)
Formato: Libro
Lenguaje:inglés
Publicado: Nueva York John Wiley 1961
Materias:
Etiquetas: Agregar Etiqueta
Sin Etiquetas, Sea el primero en etiquetar este registro!

MARC

LEADER 00000nam a2200000 a 4500
001 UCT2058
003 CL-VaPUC
008 961004e19610000US |||||||||||||||||eng|d
082 0 4 |a 530  |b ORE  |2 21 
100 0 |a Orear, Jay  |e author  |9 371130 
245 1 0 |a Fundamental physics 
300 |a 381 p 
942 |c BK 
945 |d 19961004 00:00:00  |a paguirre 
260 |a Nueva York  |b John Wiley  |c 1961 
650 0 |a Física   |9 227844 
650 7 |a CIENCIAS FUNDAMENTALES  |2 CL-VaPUC  |9 369700 
650 0 |a Ciencias físicas y naturales  |9 360507 
650 0 |a Mecánica   |9 260096 
650 0 |a Electromagnetismo   |9 260123 
650 0 |a Teoría de la relatividad   |9 266149 
650 0 |a Materia  |9 265041 
650 0 |a Gravitación   |9 332312 
650 0 |a Cinética  |9 260943 
583 |a last modification  |c 19961004 00:00:00  |k Rodrigo Vera 
999 |c 252339  |d 252337 
952 |0 0  |1 0  |4 0  |6 530_000000000000000_ORE_1961  |7 0  |8 A  |9 272145  |a BIBCUR  |b BIBCUR  |d 2019-11-19  |i 1757520  |o 530 ORE 1961  |p 1757520  |r 2025-04-22  |w 2019-11-19  |y BK  |k BCB